| 000 | 00978nam0a2200277 4500 | ||
|---|---|---|---|
| 001 | RU\NLR\BIBL_A\012562065 | ||
| 005 | 20250624070201.0 | ||
| 035 | _a(NLR Aleph) 012562065 | ||
| 090 |
_a13304819 _c13304819 |
||
| 100 | _a20210710d1995 |||y0rusy50 ca | ||
| 101 | 0 | _achv | |
| 102 | _aRU | ||
| 105 | _ac z 000 y | ||
| 181 | 0 |
_ai _baxxe |
|
| 182 | 0 | _an | |
| 200 | 1 |
_aСăпса йăви _eповеçсемпе калав _fРозин Ярандай |
|
| 203 |
_aТекст _bвизуальный _cнепосредственный |
||
| 210 |
_aШупашкар _cЧǎваш кěнеке изв-ви _d1995 |
||
| 215 |
_a267,[1] с. _cпортр. _d21 |
||
| 541 | 1 |
_aОсиное гнездо _eповести, рассказ для ст. и сред. шк. возраста _zrus |
|
| 686 | 1 | _aШ9(2)6=Чув.-4 | |
| 700 | 1 |
_aЯрандай _bР. С. _gРозин Степанович _4070 |
|
| 852 |
_aNLR _bОНЛ _jЧув./3-3581 |
||
| 942 | _cBOOK | ||
| 980 | _aNB | ||